| 000 | 00000nam 2200000zi 4500 |
| 001 | 9.939808 |
| 003 | CaOODSP |
| 005 | 20241127112631 |
| 006 | m o d f |
| 007 | cr bn||||||||| |
| 008 | 240625s1973 onca obt f000 0 eng d |
| 040 | |aCaOODSP|beng|erda|cCaOODSP |
| 041 | 0 |aeng|beng|bfre |
| 086 | 1 |aEn57-58/784-1973E-PDF |
| 100 | 1 |aBrewster, P. M., |eauthor. |
| 245 | 10|aCalculation to track weather satellites using a small computer / |cby P.M. Brewster = Calculs pour la poursuite des satellites météorologiques à l'aide d'un petit ordinateur / par P.M. Brewster. |
| 246 | 14|aCalculations to track weather satellites using a small computer |
| 246 | 31|aCalculs pour la poursuite des satellites météorologiques à l'aide d'un petit ordinateur |
| 264 | 1|aDownsview, Ontario : |bEnvironment Canada, Atmospheric Environment Service, |c1973. |
| 300 | |a1 online resource (23 pages, 2 unnumbered pages) : |billustrations. |
| 336 | |atext|btxt|2rdacontent |
| 337 | |acomputer|bc|2rdamedia |
| 338 | |aonline resource|bcr|2rdacarrier |
| 490 | 1 |aTechnical memoranda, |x0708-2878 ; |vTEC 784 |
| 500 | |aISSN of series supplied from ISSN Portal. |
| 500 | |a"U.D.C. 551.507.362.2"--Cover. |
| 500 | |a"5 March 1973"--Cover. |
| 500 | |aDigitized edition from print [produced by Environment and Climate Change Canada]. |
| 504 | |aIncludes bibliographical references (page 10). |
| 520 | 3 |a"The sun-synchronous-type satellite orbit is described. Equations are developed that yield antenna look angles for tracking such satellites moving in circular orbits. A computer program is developed to allow the solution of these equations in a mini-computer to permit automated reception of weather satellite pictures and automatic control of the reception system"--Abstract. |
| 546 | |aIncludes abstracts in English and French. |
| 650 | 0|aArtificial satellites|xTracking|xData processing. |
| 650 | 0|aMeteorological satellites|xData processing. |
| 650 | 6|aSatellites artificiels|xPoursuite|xInformatique. |
| 650 | 6|aSatellites météorologiques|xInformatique. |
| 655 | 7|aTechnical reports|2lcgft |
| 655 | 7|aRapports techniques|2rvmgf |
| 710 | 1 |aCanada. |bAtmospheric Environment Service, |eissuing body. |
| 830 | #0|aTechnical memoranda (Canada. Atmospheric Environment Service)|vTEC 784.|w(CaOODSP)9.934501 |
| 856 | 40|qPDF|s705 KB|uhttps://publications.gc.ca/collections/collection_2024/eccc/en57/En57-58-784-1973-eng.pdf |